Propuesta para mejorar la productividad en la Empresa Apícola de Occidente

El trabajo monográfico presenta un estudio de los factores que afectan la productividad en la Empresa Apícola de Occidente. Se realiza un diagnóstico de la situación actual mediante la descripción del producto, competencia, canal de distribución y mercado; estudio de la empresa a través de u...

Full description

Bibliographic Details
Main Authors: Treminio Membreño, Arlen de los Ángeles, González Dávila, Ivett Magal, Mejía Oviedo, Marierling de Jesús
Other Authors: Tutor:
Format: Tesis Section = Libro
Language:Undetermined
Spanish
Published: Managua UNI 2000
Subjects:
LEADER 01239nam a2200253Ia 4500
008 240830s9999 xx 000 0 und d
040 |a BIBLIOTECA-RUPAP T.Mon 658.401 T789 
041 |a spa 
082 |a T.Mon 658.401 T789 
100 1 |a Treminio Membreño, Arlen de los Ángeles 
100 1 |b González Dávila, Ivett Magal 
100 1 |c Mejía Oviedo, Marierling de Jesús 
245 1 0 |a Propuesta para mejorar la productividad en la Empresa Apícola de Occidente 
260 |a Managua  |b UNI  |c 2000 
300 |a 53 p. :il. 
500 |a Contiene: anexos. 
502 |a Tesis (Ingeniero de Sistemas)- UNI, 2000. 
520 3 |a El trabajo monográfico presenta un estudio de los factores que afectan la productividad en la Empresa Apícola de Occidente. Se realiza un diagnóstico de la situación actual mediante la descripción del producto, competencia, canal de distribución y mercado; estudio de la empresa a través de un análisis de FODA; análisis de productividad a través del diagrama causa - efecto y se presenta una propuesta de estrategias. 
650 7 |a PRODUCCION - MIEL DE ABEJAS - ESTRATEGIAS 
650 7 |b ENFERMEDADES - ABEJAS 
700 1 |a Tutor: 
942 |c BK  |2 ddc 
991 |a TESIS 
999 |c 18557